Gandhi's dharma / (Record no. 149852)

MARC details
000 -LEADER
fixed length control field 00648nam a22002057a 4500
005 - DATE AND TIME OF LATEST TRANSACTION
control field 20180210145603.0
010 ## - LCCN (DPL NO)
LC control number ENG-122229
020 ## - INTERNATIONAL STANDARD BOOK NUMBER
International Standard Book Number 9780199477548
Terms of availability 360.00
020 ## - INTERNATIONAL STANDARD BOOK NUMBER
International Standard Book Number 019947754X
035 ## - SYSTEM CONTROL NUMBER
System control number EN-105761
037 ## - SOURCE OF ACQUISITION
Source of stock number/acquisition DBAD/PUB
082 ## - DEWEY DECIMAL CLASSIFICATION NUMBER
Classification number 301.153
100 ## - MAIN ENTRY--PERSONAL NAME
Personal name Rao, Koneru Ramakrishna
245 ## - TITLE STATEMENT
Title Gandhi's dharma /
Statement of responsibility, etc by Koneru Ramakrishna Rao
260 ## - PUBLICATION, DISTRIBUTION, ETC. (IMPRINT)
Place of publication, distribution, etc New Delhi
Name of publisher, distributor, etc Oxford University Press
Date of publication, distribution, etc c2017
270 ## - ADDRESS
Address 2/11 Ground floor, Ansari Road, Daryaganj
City New Delhi
Postal code 110002
300 ## - PHYSICAL DESCRIPTION
Extent x, 296p.
Other physical details 23cm(Hb)
500 ## - GENERAL NOTE
General note It includes bibliographical references and index
942 ## - ADDED ENTRY ELEMENTS (KOHA)
Source of classification or shelving scheme Dewey Decimal Classification
Item type English Books
Classification part 301.153
Call number suffix RAO
Holdings
Withdrawn status Lost status Not for loan Collection code Home library Current library Date acquired Source of acquisition Cost, normal purchase price Full call number Barcode Copy number Cost, replacement price Koha item type
    Not For Loan Non-fiction D.B.Act.Division Bawana 09/02/2018 DBAD/PUB 995.00 301.153 RAO EN-105761 1 995.00 English Books

© Delhi Public Library
Hit Counter
free hit counter